000 01418nam a22004097a 4500
003 CHAP
005 20220329141459.0
008 971013s1989 r 00010 d
010 _a68827
011 _a69799
035 _a79277
040 _cCHAP
090 _aTesis
100 0 0 _aVillar López, Alicia Carmela.
_9119537
245 _aEfecto de la incorporación de crucíferas y solarización sobre Sclerotium cepivorum
260 _aMontecillo, Méx. :
_bEl autor,
_c1989
300 _a89 h. gráfs.
500 _a31-225
502 _aTesis (Maestro en Ciencias Esp. en Fitopatología) -- CP. Centro de Fitopatología
590 _aALEPH
_b10
_c20130110
_lUCH01
_h1406
590 _aBATCH-UPD
_b10
_c20130109
_lUCH01
_h2308
590 _aBATCH-UPD
_b10
_c20130110
_lUCH01
_h0241
590 _aBATCH-UPD
_b10
_c20130110
_lUCH01
_h0949
590 _aBATCH-UPD
_b10
_c20130409
_lUCH01
_h2308
590 _aBATCH-UPD
_b10
_c20130913
_lUCH01
_h1913
590 _aCONVERSION
_b10
_c20130109
_lUCH01
_h1338
650 1 4 _aAcolchado de suelos.
_9623
650 1 4 _aCalor
_xEfecto en suelos.
_917576
650 1 4 _aCebolla
_xEnfermedades por hongos.
_920767
650 1 4 _aCrucíferas.
_929245
650 1 4 _aFungicidas.
_944044
650 1 4 _aSclerotium cepivorum.
_9103343
901 _aBK
942 _cFOLL
949 _bBC
_cTES
_d-32164
_eTS1
_h21434
_i79277
_si
949 _bBC
_cTES
_d33724000692257
_eTS2
_fc.2
_h21435
_i79277
_si
999 _c68827
_d68827